Harvard dictionary of music.

Bibliographic Details
Main Author: Apel, Willi, 1893-1988
Format: Book
Language:English
Published: Cambridge, Mass. : Belknap Press of Harvard University Press, 1969.
Edition:2d ed., rev. and enl.
Subjects:

MARC

Tag First Indicator Second Indicator Subfields
LEADER 00000cam a2200000 4500
001 in00000196549
005 20151009051636.0
008 691201s1969 mauag d 00000 eng
010 |a  68021970  
020 |a 0674375017 
035 |a (OCoLC)00021452 
035 |9 AAV6821AM 
040 |a DLC  |c DLC  |d TXA  |d UtOrBLW 
049 |a TXAM [Also in] [Ref]  |c [850306]  |a TXAF 
050 0 |a ML100  |b .A64 1969 
082 0 |a 780/.3 
100 1 |a Apel, Willi,  |d 1893-1988. 
245 1 0 |a Harvard dictionary of music. 
250 |a 2d ed., rev. and enl. 
264 1 |a Cambridge, Mass. :  |b Belknap Press of Harvard University Press,  |c 1969. 
300 |a xviii, 935 pages :  |b illustrations, music. ;  |c 26 cm. 
336 |a text  |b txt  |2 rdacontent 
337 |a unmediated  |b n  |2 rdamedia 
338 |a volume  |b nc  |2 rdacarrier 
500 |a Restricted to musical topics, omitting biographical articles. 
504 |a Includes bibliographies. 
536 |a From the Howard Mayer Brown, Edward Downes and Mary Schieffelin book collections, October 2004. 
650 0 |a Music  |v Dictionaries. 
999 |a MARS 
999 f f |s bd74b91f-addf-3093-9c48-bf5e15b01dd6  |i 0cb0c1d6-7e95-3597-897a-14fda6b0511c  |t 0 
952 f f |p ric  |a Texas A&M University  |b Rellis Campus  |c Joint Library Facility  |s JLF  |d Remote Storage  |t 0  |e ML100 .A64 1969  |h Library of Congress classification  |i unmediated -- volume  |m A14831672934 
952 f f |p normal  |a Texas A&M University  |b College Station  |c Sterling C. Evans Library  |s Evans stk  |d Evans: Library Stacks  |t 0  |e ML100 .A64 1969  |h Library of Congress classification  |i unmediated -- volume  |m A14803348030 
998 f f |a ML100 .A64 1969  |t 0  |l Remote Storage 
998 f f |a ML100 .A64 1969  |t 0  |l Evans: Library Stacks